| 000 | nam a22 a 4500 | ||
|---|---|---|---|
| 999 |
_c347588 _d347588 |
||
| 003 | BLK | ||
| 005 | 20230206133021.0 | ||
| 008 | 180409b bul|||||r ||||||| ||bul|| | ||
| 010 | _aKNG00144033000 | ||
| 020 | _a9786197496161 | ||
| 040 | _aBLK | ||
| 041 |
_aBUL _cBUL |
||
| 072 | 7 |
_2bullib _aН92 _xИстория Н |
|
| 080 |
_aИстория на България 94(497.2) _bИстория на България 94(497.2)"1878- 1913" _z94(497.2)"1878- 1913" |
||
| 100 |
_aКарагеоргиев, Владислав _eпърви автор _91299 |
||
| 139 |
_aКарагеоргиев, Владислав _bК 30 |
||
| 245 | 1 | 0 |
_aПоследната крепост : Одрин 1912 - 1913 _cВладислав Карагеоргиев |
| 257 | _aBGR | ||
| 260 |
_bБългарска история _c2019 _9391895 _aСофия _f([Добрич] : Фолиарт) |
||
| 300 |
_a416 с. _bс ил., портр. _c23 см |
||
| 380 | _a9 | ||
| 504 | _aБиблиогр.: с. 408-414 | ||
| 650 | 7 |
_aБалканска война, 1912 - 1913 г. _9147980 |
|
| 651 | 7 |
_9179301 _aОдрин |
|
| 653 | 7 |
_aистория _9187889 |
|
| 653 | 7 |
_aвоенни действия _9183529 |
|
| 659 | _aН | ||
| 852 |
_bП _cП 949.72.052/К 30 |
||
| 856 | 4 | _qpdf | |
| 856 | 4 | _qpdf | |
| 942 |
_cKNG _n0 _s1 _04 |
||
| 944 |
_aCR _c2020-01-09 _kК.Д. |
||
| 944 |
_aED _c2020-01-09 |
||
| 999 | _d347588 | ||
| 999 | _d347588 | ||
| 999 | _d138052 | ||